| 000 | 003990000a22001450004500 | ||
|---|---|---|---|
| 090 |
_aAR _b01158 |
||
| 245 | 1 | 0 | _aArtrópodos: identificación de clases y ordenes |
| 650 | 1 | 4 |
_aEntomología _94483 |
| 650 | 1 | 4 |
_aTaxonomía animal _98245 |
| 650 | 1 | 4 |
_aSistemática animal _992968 |
| 041 | 0 | _aEspañol | |
| 100 | 1 |
_aGonzález O., Ranulfo _99355 |
|
| 942 | _cARTICULO | ||
| 773 | 1 |
_tPreprint _33 _q1-51 _d1989? |
|
| 999 |
_c10244 _d10244 |
||